| 000 | 01115nam a22002417a 4500 | ||
|---|---|---|---|
| 005 | 2010083008028.0 | ||
| 010 | _aMAR-20222 | ||
| 020 |
_c160.00 _a9789380617107 |
||
| 035 | _aMR-12880 | ||
| 037 | _bDBAD / PUB | ||
| 082 | _a891.463 | ||
| 100 |
_aकर्णिक, मधु मंगेश _918267 |
||
| 245 |
_aभाकरी आणि फूल / _cमधु मंगेश कर्णिक |
||
| 246 |
_aBhakari ani Phool _bby Madhu Mangsh Karnik |
||
| 260 |
_aश्रीरामपुर _bशब्दालय प्रकाशन _c2010 |
||
| 270 |
_aपोस्ट बॉक्स नं 90, वार्ड 7, _bश्रीरामपुर _e413709 |
||
| 300 |
_aचौदा,160पृ _c21सेमी (अजिल्द) |
||
| 650 |
_aमराठी कादंबरी _918268 |
||
| 650 |
_aMarath Fiction _918269 |
||
| 700 | _917934 | ||
| 942 |
_2ddc _cMR _mकर्णिक _h891.463 |
||
| 999 |
_c43608 _d43608 |
||